[Event "14th FIDE Open"]
[Site "Voronezh RUS"]
[Date "2010.06.15"]
[Round "4"]
[White "Demikhov,V"]
[Black "Petukhov,D"]
[Result "0-1"]
[WhiteElo "2114"]
[BlackElo "2286"]

1.e4 c5 2.c3 Nf6 3.e5 Nd5 4.d4 cxd4 5.Nf3 e6 6.cxd4 d6 7.Nc3 Nxc3 8.bxc3 Qc7
9.Bd2 Nd7 10.exd6 Bxd6 11.Bd3 O-O 12.O-O e5 13.Re1 f5 14.Qb3+ Kh8 15.Ng5 Nf6
16.dxe5 Bxe5 17.h3 h6 18.Nf3 Ne4 19.Bxe4 fxe4 20.Nh4 Bh2+ 21.Kh1 Bf5 22.Nxf5 Rxf5
23.Be3 Be5 24.Rad1 Bf6 25.Qe6 Re5 26.Qd7 Re7 27.Qxc7 Rxc7 28.Bd4 Re8 29.Re2 Rd7
30.Rb1 b6 31.Rb4 Bxd4 32.Rxd4 Rde7 33.Re3 Kg8 34.Kg1 Kf7 35.Kf1 Kf6 36.Ke2 Re5
37.Ra4 R8e7 38.h4 Kf5 39.Rg3 Rd5 40.Rd4 Rxd4 41.cxd4 Rc7 42.Ra3 Ke6 43.Ke3 Kd5
44.g3 Rf7 45.Ra4 a5 46.Ke2 Rf3 47.Ke1 Rd3 48.Ke2 h5 49.Ke1 Rxd4 50.Ra3 a4
51.Ke2 b5 52.f3 Kc4 53.fxe4 Rxe4+ 54.Kd2 Kb4 55.Rf3 a3 56.Kd3 Re1 57.Rf4+ Ka5
58.Rf7 Ra1 59.Kc3 b4+ 60.Kb3 Rb1+ 61.Kc4 Rc1+ 62.Kd4 Rc2  0-1

[Event "14th FIDE Open"]
[Site "Voronezh RUS"]
[Date "2010.06.16"]
[Round "5"]
[White "Golovchanov,A"]
[Black "Manukovsky,V"]
[Result "0-1"]
[WhiteElo "2061"]
[BlackElo "2259"]

1.e4 c5 2.c3 Nf6 3.e5 Nd5 4.d4 cxd4 5.cxd4 g6 6.Nc3 Nxc3 7.bxc3 Bg7 8.f4 O-O
9.Bd3 d6 10.Nf3 dxe5 11.fxe5 Nc6 12.O-O Bg4 13.Kh1 Rc8 14.Qe2 f6 15.e6 Qd6
16.Re1 Rfd8 17.Rb1 b6 18.h3 Bxf3 19.Qxf3 Ne5 20.dxe5 Qxd3 21.Qxd3 Rxd3 22.Ba3 Re8
23.Rbc1 fxe5 24.Red1 Rxd1+ 25.Rxd1 e4 26.Re1 Bxc3 27.Rxe4 Bf6 28.Rc4 Rd8
29.Rc2 Rd1+ 30.Kh2 Re1  0-1

[Event "Open"]
[Site "Eforie Nord ROU"]
[Date "2010.06.18"]
[Round "1"]
[White "Martian,D"]
[Black "Soltanici,R"]
[Result "0-1"]
[WhiteElo "1927"]
[BlackElo "2412"]

1.e4 c5 2.c3 Nf6 3.e5 Nd5 4.Nf3 e6 5.Bc4 d6 6.d4 Nc6 7.O-O cxd4 8.cxd4 Be7
9.Re1 O-O 10.a3 Bd7 11.Qd3 Rc8 12.Bd2 a6 13.Nc3 Nxc3 14.Bxc3 d5 15.Ba2 Na5
16.Rac1 Bb5 17.Qd2 Nc4 18.Qf4 f5 19.a4 Bd7 20.h4 Na5 21.b3 Ba3 22.Rc2 Qb6
23.Nd2 Nc6 24.Bb1 Nb4 25.Bxb4 Qxb4 26.Rxc8 Rxc8 27.Nf3 Rc3 28.Kf1 Rxb3 29.Ba2 Rb2
30.Bxd5 exd5 31.e6 Be8 32.Qxf5 Qc4+ 33.Kg1 Qc2 34.Qg5 Qxf2+ 35.Kh1 Be7 36.Qg4 Bh5  0-1

[Event "4th Open"]
[Site "Varna BUL"]
[Date "2010.06.18"]
[Round "7"]
[White "Parligras,M"]
[Black "Dimov,Di"]
[Result "1-0"]
[WhiteElo "2565"]
[BlackElo "2301"]

1.e4 c5 2.c3 Nf6 3.e5 Nd5 4.Nf3 e6 5.d4 cxd4 6.cxd4 d6 7.Bc4 Nb6 8.Bd3 Be7
9.Nc3 O-O 10.O-O Bd7 11.exd6 Bxd6 12.Re1 Be7 13.Bc2 Bc6 14.Qd3 g6 15.Bh6 Re8
16.Ne5 Bf8 17.Bxf8 Rxf8 18.Qg3 Bd5 19.h4 N8d7 20.h5 Nxe5 21.dxe5 Kg7 22.Rad1 Qe7
23.Rd4 Rad8 24.Rg4 Rg8 25.hxg6 hxg6 26.Re3 Bc6 27.Qf4 Nd5 28.Nxd5 Rxd5 29.Rh3 Kf8
30.Rxg6 Rxg6 31.Bxg6 Ke8 32.Rh7 Kd8 33.Rxf7 Qc5 34.Be4 Rd7 35.Rxd7+ Bxd7
36.Bxb7 Qb6 37.Bf3 Qxb2 38.Qf8+ Kc7 39.Qc5+ Kd8 40.a3 a6 41.g3 Qb5 42.Qxb5 axb5
43.g4 Kc7 44.g5 Kb6 45.g6 Be8 46.Bh5  1-0

[Event "14th Master Open"]
[Site "Voronezh RUS"]
[Date "2010.06.18"]
[Round "6"]
[White "Cherenkov,And"]
[Black "Kozlitin,O"]
[Result "0-1"]
[WhiteElo "2205"]
[BlackElo "2337"]

1.e4 c5 2.c3 Nf6 3.e5 Nd5 4.Nf3 d6 5.d4 cxd4 6.Qxd4 e6 7.Nbd2 Nc6 8.Bb5 Qb6
9.Bxc6+ bxc6 10.exd6 Qxd4 11.Nxd4 Kd7 12.c4 Nb4 13.a3 Nd3+ 14.Ke2 Nxc1+ 15.Raxc1 Bxd6
16.Ne4 Be7 17.Rhd1 Kc7 18.Rc2 e5 19.Nb3 Bf5 20.Rcd2 Rhd8 21.Nbc5 Rxd2+ 22.Rxd2 Rd8
23.Na6+ Kb6 24.Rxd8 Bxd8 25.Nd6 Be6 26.Nb4 Be7 27.c5+ Kxc5 28.Ne8 Bd7 29.Nd3+ Kb6  0-1

[Event "14th FIDE Open"]
[Site "Voronezh RUS"]
[Date "2010.06.19"]
[Round "7"]
[White "Gataullin,A"]
[Black "Zhukov,Vi1"]
[Result "0-1"]
[WhiteElo "2050"]
[BlackElo "2178"]

1.e4 c5 2.c3 Nf6 3.e5 Nd5 4.d4 cxd4 5.cxd4 d6 6.Nf3 Nc6 7.Bc4 Nb6 8.Bxf7+ Kxf7
9.Ng5+ Ke8 10.e6 Nd5 11.Nf7 Qa5+ 12.Bd2 Qa6 13.Qh5 Nf6 14.Nxd6+ Kd8 15.Nf7+ Ke8
16.Qh4 Bxe6 17.Nxh8 Rd8 18.Bc3 Bg4 19.f3 Nxd4 20.Bxd4 Rxd4 21.Qf2 Qe6+ 22.Qe2 Re4
23.fxe4 Bxe2 24.Nc3 Bc4 25.O-O-O Bxa2 26.Rd4 g6  0-1

[Event "14th Master Open"]
[Site "Voronezh RUS"]
[Date "2010.06.20"]
[Round "8"]
[White "Chekhov,S"]
[Black "Potapova,M"]
[Result "1-0"]
[WhiteElo "2361"]
[BlackElo "1849"]

1.e4 c5 2.c3 Nf6 3.e5 Nd5 4.d4 cxd4 5.Nf3 e6 6.cxd4 b6 7.Nc3 Nxc3 8.bxc3 Qc7
9.Bd2 Be7 10.Be3 Ba6 11.Bxa6 Nxa6 12.Qe2 Qb7 13.O-O O-O 14.Bg5 Bd8 15.Bxd8 Raxd8
16.Ng5 d6 17.f4 Nc7 18.Qd3 g6 19.Qh3 h5 20.Rae1 Kg7 21.Qg3 Nd5 22.f5 exf5
23.e6 f4 24.Qf3 f6 25.e7 fxg5 26.exd8=N  1-0

[Event "14th Master Open"]
[Site "Voronezh RUS"]
[Date "2010.06.20"]
[Round "8"]
[White "Looshnikov,N"]
[Black "Zakhartsov,Vi"]
[Result "0-1"]
[WhiteElo "2500"]
[BlackElo "2586"]

1.e4 c5 2.c3 Nf6 3.e5 Nd5 4.d4 cxd4 5.Nf3 e6 6.cxd4 d6 7.Bc4 Nb6 8.Bd3 Nc6
9.O-O Nb4 10.Bg5 Be7 11.Bxe7 Qxe7 12.Nc3 Nxd3 13.Qxd3 dxe5 14.dxe5 O-O 15.Ne4 Bd7
16.Nfg5 f5 17.exf6 gxf6 18.Nf3 Rad8 19.Rfe1 Kh8 20.Qe3 e5 21.Rad1 Bc6 22.Nh4 Nd5
23.Qh6 Qg7 24.Qxg7+ Kxg7 25.Nc5 Kf7 26.Nf5 b6 27.Ne4 Rd7 28.f3 Rfd8 29.Rc1 Bb7
30.Rc2 Ke6 31.g4 h5 32.Nd4+ Kf7 33.Nf5 hxg4 34.fxg4 Ba6 35.Rc6 Bd3 36.Nfd6+ Kg6
37.Rd1 Nb4 38.Rdc1 Nxc6 39.Rxc6 Bxe4 40.Nxe4 Rd4 41.Nf2 R8d6 42.Rc7 Ra4 43.a3 Rd2
44.h4 Rf4 45.h5+ Kg5  0-1

[Event "Open"]
[Site "Eforie Nord ROU"]
[Date "2010.06.21"]
[Round "5"]
[White "Peptan,C"]
[Black "Horvat,Dan"]
[Result "1-0"]
[WhiteElo "2416"]
[BlackElo "2160"]

1.e4 c5 2.c3 Nf6 3.e5 Nd5 4.Nf3 e6 5.d4 cxd4 6.cxd4 d6 7.a3 Bd7 8.Nbd2 Bc6
9.Nc4 Qc7 10.Bd2 Nd7 11.Rc1 Rc8 12.b4 dxe5 13.Ncxe5 Nxe5 14.Nxe5 Qb6 15.Qh5 Rc7
16.Nxc6 Rxc6 17.Rxc6 bxc6 18.Qg4 Be7 19.Qxg7 Bf6 20.Qg4 Qxd4 21.Qxd4 Bxd4
22.Bd3 Rg8 23.O-O f5 24.Rc1 Kd7 25.Rc4 Bf6 26.Kf1 Kd6 27.h3 Rg7 28.Be2 e5
29.g4 fxg4 30.hxg4 Bh4 31.Bf3 Rf7 32.Ke2 Bd8 33.Be4 Bb6 34.f3 Rg7 35.Rc1 Bd4
36.Rh1 Bb2 37.Rh6+ Kc7 38.b5 Nb6 39.Rxc6+ Kd7 40.Bb4 Bd4 41.Rf6 h5 42.gxh5 Rg2+
43.Kd3 Na4 44.Bc6+ Kd8 45.Rf8+ Kc7 46.Rf7+ Kc8 47.Bd6  1-0

[Event "70th ch-ITA S/F"]
[Site "Torino ITA"]
[Date "2010.06.21"]
[Round "2"]
[White "Fassio,L"]
[Black "Brunello,M"]
[Result "0-1"]
[WhiteElo "2050"]
[BlackElo "2218"]

1.e4 c5 2.c3 Nf6 3.e5 Nd5 4.d4 cxd4 5.cxd4 e6 6.Nf3 d6 7.Nc3 Nxc3 8.bxc3 Qc7
9.Bd2 Nd7 10.exd6 Bxd6 11.Bd3 b6 12.O-O Bb7 13.h3 O-O 14.Re1 Nf6 15.Ne5 Nd5
16.Rc1 Rac8 17.Qh5 g6 18.Qh6 Rfe8 19.h4 Bf8 20.Qg5 f6 21.Qg4 fxe5 22.Rxe5 Nf6
23.Qh3 Qf7 24.Rce1 Bd5 25.Bb5 Red8 26.a4 Nh5 27.Qg4 Bg7 28.Rg5 Rf8 29.f3 Nf6
30.Qg3 Bh6 31.Rxg6+ Qxg6 32.Qxg6+ hxg6 33.Bxh6 Rf7 34.Bd3 Kh7 35.Bg5 Rxc3
36.Bb5 Nh5 37.Bd2 Rc2 38.Bg5 Kg7 39.Be8 Rf8 40.Bd7 Kf7 41.Re3 Ng3 42.Rd3 a6
43.a5 b5 44.Kh2 Nh5  0-1

[Event "14th FIDE Open"]
[Site "Voronezh RUS"]
[Date "2010.06.21"]
[Round "9"]
[White "Golovchanov,A"]
[Black "Zhukov,Vi1"]
[Result "1-0"]
[WhiteElo "2061"]
[BlackElo "2178"]

1.e4 c5 2.c3 Nf6 3.e5 Nd5 4.d4 cxd4 5.cxd4 d6 6.Nf3 Nc6 7.Bc4 Nb6 8.Bb5 dxe5
9.Nxe5 Bd7 10.Nxd7 Qxd7 11.O-O e6 12.Nc3 Be7 13.Qg4 O-O-O 14.Be3 a6 15.Bxc6 Qxc6
16.d5 Nxd5 17.Nxd5 Qxd5 18.Ba7 Bd6 19.Rac1+ Kd7 20.Rfd1  1-0

[Event "Open"]
[Site "Eforie Nord ROU"]
[Date "2010.06.24"]
[Round "8"]
[White "Bulmaga,I"]
[Black "Georgescu,T"]
[Result "0-1"]
[WhiteElo "2254"]
[BlackElo "2404"]

1.e4 c5 2.c3 Nf6 3.e5 Nd5 4.Nf3 e6 5.d4 cxd4 6.cxd4 d6 7.Bc4 Nc6 8.O-O Be7
9.exd6 Qxd6 10.Nc3 Nxc3 11.bxc3 O-O 12.Re1 Bd7 13.Ng5 Bxg5 14.Bxg5 Ne7 15.Qb3 Rac8
16.Bd3 b6 17.Bh4 Bc6 18.Ba6 Nf5 19.Bg3 Nxg3 20.Bxc8 Nf5 21.Bxe6 Nh4 22.Bh3 Nf3+
23.gxf3 Qg6+ 24.Bg4 Bxf3 25.h3 h5 26.Qb1 f5 27.Re6 Qg5 28.Qc1 Qxc1+ 29.Rxc1 hxg4
30.c4 Kf7 31.Re3 Rh8 32.Rxf3 gxf3 33.Kh2 g5 34.Kg3 Kf6 35.Kxf3 Rxh3+ 36.Kg2 Rd3
37.c5 Rxd4 38.cxb6 axb6 39.Rc6+ Ke5 40.Rxb6 Ra4 41.Rb2 Kf4 42.a3 Rxa3 43.Rb4+ Ke5
44.Rb5+ Kf6 45.Rb6+ Kg7 46.f4 g4 47.Rb5 Kf6 48.Rb4 Rf3 49.Rd4 Kg6 50.Ra4 Kh5
51.Rb4 Kh4 52.Ra4 Rb3 53.Ra2 Rb4 54.Rf2 Ra4 55.Rf1 Ra2+ 56.Kh1 Kg3 57.Kg1 Ra4  0-1

[Event "70th ch-ITA S/F"]
[Site "Torino ITA"]
[Date "2010.06.25"]
[Round "7"]
[White "Finocchiaro,G"]
[Black "Caprio,G"]
[Result "0-1"]
[WhiteElo "2087"]
[BlackElo "2224"]

1.e4 c5 2.c3 Nf6 3.e5 Nd5 4.d4 cxd4 5.cxd4 Nc6 6.Bc4 Nb6 7.Bb3 g6 8.Nf3 Bg7
9.O-O O-O 10.Nc3 d6 11.exd6 Qxd6 12.Nb5 Qd7 13.Be3 Na5 14.Qe2 Nxb3 15.axb3 a6
16.Nc3 Qd6 17.Ne4 Qd5 18.Nc3 Qxb3 19.Ra3 Qc4 20.Qd2 Qb4 21.Ne5 Rd8 22.Qe2 Be6
23.f4 Nc4 24.Ra4 Qxb2 25.Rxc4 Qxe2 26.Nxe2 Bxe5 27.Rb4 Bd6 28.Rxb7 Bc4 29.Re1 Rdb8  0-1

[Event "Open"]
[Site "Eforie Nord ROU"]
[Date "2010.06.26"]
[Round "10"]
[White "Bulmaga,I"]
[Black "Cosma,I"]
[Result "1/2-1/2"]
[WhiteElo "2254"]
[BlackElo "2420"]

1.e4 c5 2.c3 Nf6 3.e5 Nd5 4.Nf3 Nc6 5.Bc4 e6 6.d4 cxd4 7.cxd4 d6 8.O-O Be7
9.exd6 Qxd6 10.Nc3 O-O 11.Re1 Rd8 12.Nb5 Qb8 13.g3 Ncb4 14.Ne5 Bd7 15.a3 Bxb5
16.Bxb5 Nc7 17.Bc4 Nbd5 18.Qh5 Rf8 19.Bd3 f5 20.Nd7 Qe8 21.Qxe8 Rfxe8 22.Nc5 Bxc5
23.dxc5 a5 24.Bc4 Kf7 25.Bd2 a4 26.Re5 g6 27.Rae1 Nf6 28.Bb4 Nfd5 29.Bd2 Rac8
30.Ba5 Ra8 31.Bd2  1/2-1/2

[Event "Coupe de France Women Final"]
[Site "Chalons-en-Champagne FRA"]
[Date "2010.06.27"]
[Round "1"]
[White "Milliet,S"]
[Black "Armas,La"]
[Result "1-0"]
[WhiteElo "2378"]
[BlackElo "1988"]

1.e4 c5 2.c3 Nf6 3.e5 Nd5 4.Nf3 Nc6 5.d4 e6 6.Bc4 cxd4 7.cxd4 Nb6 8.Bb3 d6
9.Qe2 dxe5 10.dxe5 Qc7 11.O-O Bd7 12.Nc3 a6 13.a3 g6 14.Bf4 Bg7 15.Rac1 O-O
16.Rfd1 Rad8 17.Bg5 Rde8 18.Ne4 Kh8 19.Nd6 h6 20.Nxe8 Rxe8 21.Bf6 Kh7 22.Bxg7 Kxg7
23.h4 h5 24.Qe4 Qb8 25.Qf4 Qd8 26.Ng5 Rf8 27.Ne4 Ne7 28.Nf6 Ned5 29.Bxd5 Nxd5
30.Nxd5 exd5 31.Rxd5 Qe8 32.Qf6+ Kg8 33.Rcd1 Bc6 34.Rd8 Qe6 35.Rxf8+ Kxf8
36.Qh8+  1-0

[Event "Open"]
[Site "Eforie Nord ROU"]
[Date "2010.06.27"]
[Round "11"]
[White "Peptan,C"]
[Black "Sandu,Mi"]
[Result "1/2-1/2"]
[WhiteElo "2416"]
[BlackElo "2261"]

1.e4 c5 2.c3 Nf6 3.e5 Nd5 4.g3 d6 5.exd6 e6 6.Bg2 Bxd6 7.Ne2 Nc6 8.d4 cxd4
9.Nxd4 Nxd4 10.Qxd4 O-O 11.O-O Qc7 12.Nd2 Rd8 13.Nf3 Be7 14.Qe4 Nf6 15.Qe2 Bd7
16.Ne5 Be8 17.Bf4 Qb6 18.Rfd1 Rac8 19.Bf3 h6 20.Nc4 Qc5 21.Nd2 Bc6 22.Nb3 Bxf3
23.Qxf3 Qb5 24.Rxd8+ Rxd8 25.c4 Qxc4 26.Qxb7 Nd5 27.Be5 f6 28.Bd4 a5 29.Rc1 Qd3
30.Qc6 e5 31.Bc5 Bxc5 32.Nxc5 Qd2 33.Nb7 Rf8 34.Qc2 Qb4 35.Qb3 Rf7 36.Rc8+ Kh7
37.Qd3+ e4 38.Qxd5 Qxb7 39.Qf5+ g6 40.Qe6 Qd7 41.Qxd7 Rxd7 42.Rc5 Rd1+ 43.Kg2 Rd2
44.Kf1 Rxb2 45.Rxa5 f5 46.Ra7+ Kg8 47.h4 Kh8 48.a4 Ra2 49.a5 g5 50.hxg5 hxg5
51.a6 f4 52.gxf4 gxf4 53.Re7 Rxa6 54.Rxe4 Kg7 55.Rxf4 Ra2 56.Kg2  1/2-1/2

[Event "TCh-SUI 2010"]
[Site "Switzerland SUI"]
[Date "2010.06.27"]
[Round "5.5"]
[White "Landenbergue,C"]
[Black "Lehmann,A"]
[Result "1-0"]
[WhiteElo "2415"]
[BlackElo "2321"]

1.e4 c5 2.c3 Nf6 3.e5 Nd5 4.Nf3 Nc6 5.d4 cxd4 6.cxd4 d6 7.Bc4 e6 8.O-O Nb6
9.Bd3 Be7 10.Nc3 a6 11.a3 dxe5 12.dxe5 Nd5 13.Nxd5 Qxd5 14.Qe2 Nd4 15.Nxd4 Qxd4
16.Rd1 Qa4 17.Bc2 Qc6 18.Bf4 O-O 19.Rac1 Qb6 20.b4 Rd8 21.Bd3 Rd5 22.Be3 Qd8
23.Qc2 g6 24.Be4 Rd7 25.Rxd7 Qxd7 26.Rd1 Qb5 27.Qc7 Qe2 28.Bf3  1-0

[Event "TCh-SUI 2010"]
[Site "Switzerland SUI"]
[Date "2010.06.27"]
[Round "5.7"]
[White "Good,D"]
[Black "Drabke,L"]
[Result "0-1"]
[WhiteElo "2202"]
[BlackElo "2439"]

1.e4 c5 2.c3 Nf6 3.e5 Nd5 4.d4 cxd4 5.Nf3 e6 6.cxd4 d6 7.Bc4 Nc6 8.O-O Be7
9.exd6 Qxd6 10.Nc3 O-O 11.Ne4 Qd8 12.a3 b6 13.Qd3 Bb7 14.Bd2 Nf6 15.Ng3 Na5
16.Bxa5 bxa5 17.Rad1 Qb6 18.Rd2 Rac8 19.Re1 Bxf3 20.gxf3 Rfd8 21.Ba2 Rc7
22.Re5 a6 23.Ne2 Nd7 24.Re4 Bf6 25.Nf4 Nc5 26.dxc5 Rxd3 27.cxb6 Rc1+ 28.Kg2 Rxd2
29.Nxe6 fxe6 30.Bxe6+ Kf8 31.b3 Rc6 32.b7 Rb6 33.Bc8 Rxb3 34.Rb4 Rxb4  0-1

[Event "5th Open"]
[Site "Wroclaw POL"]
[Date "2010.06.27"]
[Round "2"]
[White "Krzyzanowski,M"]
[Black "Baklan,V"]
[Result "0-1"]
[WhiteElo "2377"]
[BlackElo "2633"]

1.e4 c5 2.c3 Nf6 3.e5 Nd5 4.d4 cxd4 5.Nf3 Nc6 6.cxd4 d6 7.Bc4 dxe5 8.dxe5 Ndb4
9.Qb3 e6 10.O-O Na5 11.Bb5+ Bd7 12.Qa4 Bxb5 13.Qxb5+ Nac6 14.Nc3 a6 15.Qe2 Qd3
16.Rd1 Qxe2 17.Nxe2 Rd8 18.Rxd8+ Kxd8 19.Be3 Nd5 20.Ned4 Nxd4 21.Bxd4 Be7
22.Rc1 Kd7 23.Kf1 a5 24.g3 a4 25.Nd2 Ra8 26.a3 f5 27.exf6 gxf6 28.f4 h5 29.Ke2 h4
30.Kf3 hxg3 31.hxg3 Rh8 32.Nf1 Rh1 33.Kg2 Rh5 34.Re1 b5 35.Rd1 Bd6 36.Nd2 e5
37.fxe5 Bxe5 38.Ne4 Ke6 39.Nc5+ Kf7 40.Kf3 Bxd4 41.Rxd4 Nb6 42.Nd3 Nc4 43.Rd7+ Ke6
44.Rb7 Kd6 45.Rf7 Rd5 46.Rxf6+ Ke7 47.Nf4 Rd2 48.Re6+ Kf7 49.Ra6 Rxb2 50.g4 Ne5+
51.Ke4 Nxg4 52.Ra7+ Kf6 53.Nd5+ Ke6 54.Nf4+ Kd6 55.Ra6+ Kd7 56.Kd5 Ne3+ 57.Kc5 Nc4
58.Ra7+ Ke8 59.Nd5 Nxa3 60.Rb7 Kf8 61.Rh7 Nc4 62.Nf6 Ne5 63.Kd5 Re2 64.Rb7 a3
65.Nd7+ Ke8 66.Nf6+ Kd8 67.Rxb5 a2 68.Ra5 Kc7 69.Ne4 Nc6 70.Ra4 Re1 71.Rc4 Rd1+  0-1

[Event "Scheveningen"]
[Site "Kefar Sava ISR"]
[Date "2010.06.30"]
[Round "9"]
[White "Boruchovsky,A"]
[Black "Nedobora,M"]
[Result "1/2-1/2"]
[WhiteElo "2159"]
[BlackElo "2388"]

1.e4 c5 2.c3 Nf6 3.e5 Nd5 4.d4 cxd4 5.cxd4 d6 6.Nf3 Nc6 7.Bc4 Nb6 8.Bb5 dxe5
9.Nxe5 Bd7 10.Nxd7 Qxd7 11.Nc3 Rd8 12.O-O a6 13.Bxc6 Qxc6 14.Be3 g6 15.Qb3 Bg7
16.Rfd1 Nd5 17.Rac1 Nxe3 18.fxe3 Bh6 19.Re1 O-O 20.Rc2 b5 21.Rf2 e5 22.d5 Qb6
23.Rfe2 f5 24.Kh1 e4 25.a4  1/2-1/2

[Event "IsBank TCh-TUR"]
[Site "Konya TUR"]
[Date "2010.06.30"]
[Round "2"]
[White "Tanrikulu,E"]
[Black "Aydogdu,A"]
[Result "1-0"]
[WhiteElo "2259"]
[BlackElo "2083"]

1.e4 c5 2.c3 Nf6 3.e5 Nd5 4.d4 cxd4 5.Nf3 e6 6.cxd4 Nc6 7.Nc3 Nxc3 8.bxc3 d6
9.exd6 Bxd6 10.Bd3 Qa5 11.Bb2 e5 12.O-O exd4 13.cxd4 Be6 14.Be4 Bc4 15.Re1 O-O-O
16.Rc1 Bd5 17.Bc3 Qxa2 18.Re2 Qc4 19.Ba5 Qb5 20.Bxd8 Rxd8 21.Rb1 Bb4 22.Bxd5 Qxd5
23.Qc2 a5 24.Re5 Qd6 25.d5 f6 26.Rh5 g6 27.Rxh7 Qxd5 28.h4 f5 29.Qb2 a4 30.Rc1 Kb8
31.Rxc6 Qxc6 32.Qxb4 Rd1+ 33.Ne1 Ka7 34.Re7 Rd5 35.Re3 Rc5 36.Nd3 Rc4 37.Qb2 Rxh4
38.Ne5 Qd5 39.Rd3 Qe4 40.Qc3 Qb4 41.Qa1 Re4 42.Nf3 g5 43.Nd2 Rh4 44.g3 Rg4
45.Rd5 a3 46.Rd3 f4 47.Rxa3+ Kb8 48.Qe5+ Kc8 49.Rc3+  1-0

[Event "1st Open"]
[Site "Marrakesh MAR"]
[Date "2010.06.30"]
[Round "7"]
[White "Berelowitsch,A"]
[Black "David,Alb"]
[Result "0-1"]
[WhiteElo "2566"]
[BlackElo "2631"]

1.e4 c5 2.c3 Nf6 3.e5 Nd5 4.d4 cxd4 5.Nf3 e6 6.cxd4 b6 7.Nc3 Nxc3 8.bxc3 Qc7
9.Bd2 d6 10.Bd3 Bb7 11.O-O Nd7 12.Bf4 dxe5 13.Nxe5 Nxe5 14.Bxe5 Bd6 15.Bb5+ Ke7
16.Qh5 Bxe5 17.dxe5 Rhd8 18.Rfd1  0-1

[Event "5th Open"]
[Site "Wroclaw POL"]
[Date "2010.06.30"]
[Round "6"]
[White "Szablowski,P"]
[Black "Malec,S"]
[Result "1/2-1/2"]
[WhiteElo "2312"]
[BlackElo "2114"]

1.e4 c5 2.c3 Nf6 3.e5 Nd5 4.Nf3 e6 5.d4 cxd4 6.cxd4 d6 7.Bc4 Nc6 8.O-O Be7
9.Bd2 O-O 10.Nc3 Nxc3 11.Bxc3 d5 12.Bd3 a5 13.Rc1 Bd7 14.a3 Na7 15.Qe2 Qb6
16.Rfd1 Ba4 17.Bc2 Bxc2 18.Rxc2 Rfc8 19.Rdc1 Rc6 20.Bd2 Rac8 21.Qd3 h6 22.g4 Rxc2
23.Rxc2 Rxc2 24.Qxc2 Qc6 25.Qb1 Qb5 26.Qc2 Nc6 27.Be3 a4 28.Kg2 Qc4 29.Qd2 b6
30.h4 Na5 31.h5 Qb3 32.Qe2 Nc4 33.Bc1 Qa2 34.Qd3 Qb3 35.Qe2 Qa2  1/2-1/2

[Event "5th Open"]
[Site "Wroclaw POL"]
[Date "2010.06.30"]
[Round "7"]
[White "Feuerstack,A"]
[Black "Sokalsky,A"]
[Result "1/2-1/2"]
[WhiteElo "2371"]
[BlackElo "2217"]

1.e4 c5 2.c3 Nf6 3.e5 Nd5 4.Nf3 Nc6 5.Bc4 Nb6 6.Bb3 e6 7.d4 cxd4 8.cxd4 d5
9.O-O Be7 10.a3 Bd7 11.Qd3 Rc8 12.Nc3 a6 13.Bc2 Na7 14.Re1 h6 15.Nd2 Nb5
16.Ne2 Qc7 17.Bb1 Nc4 18.Qg3 Bf8 19.Bd3 Na7  1/2-1/2

[Event "IsBank TCh-TUR"]
[Site "Konya TUR"]
[Date "2010.07.01"]
[Round "4"]
[White "Ersoz,B"]
[Black "Ali Marandi,C"]
[Result "0-1"]
[WhiteElo "1764"]
[BlackElo "2105"]

1.e4 c5 2.c3 Nf6 3.e5 Nd5 4.Nf3 Nc6 5.Bc4 Nb6 6.Bb3 d5 7.exd6 Qxd6 8.O-O Be6
9.Bxe6 Qxe6 10.Re1 Qd7 11.d3 Rd8 12.Be3 Nc4 13.Qc2 Nxe3 14.Rxe3 g6 15.Na3 Bh6
16.Ree1 Qxd3 17.Qb3 Qa6 18.Nc4 O-O 19.Ne3 Bg7 20.Qc2 e6 21.Rab1 b5 22.Qe2 Qb7
23.Rec1 Ne7 24.h3 a6 25.b3 Nd5 26.Nxd5 exd5 27.c4 dxc4 28.bxc4 b4 29.Qc2 Qc6
30.Rd1 Bc3 31.Qe2 Kg7 32.Qc2 Qe6 33.Qb3 a5 34.Rdc1 Rd3 35.Ne1 Rd4 36.Rxc3 bxc3
37.Qxc3 Qxc4 38.Qxa5 Re8 39.Nf3 Qc2 40.Qb5 Rd1+ 41.Rxd1 Qxd1+ 42.Kh2 Qd6+
43.Kg1 Rb8 44.Qf1 c4 45.g3 Qd3 46.Kg2 Rb1 47.Qxd3 cxd3 48.a4 Rd1  0-1

[Event "HSG Open"]
[Site "Hilversum NED"]
[Date "2010.07.03"]
[Round "8"]
[White "Zimmermann,L"]
[Black "De Jongh,Adriaan"]
[Result "1/2-1/2"]
[WhiteElo "2057"]
[BlackElo "2227"]

1.e4 c5 2.c3 Nf6 3.e5 Nd5 4.d4 cxd4 5.Nf3 e6 6.cxd4 d6 7.a3 Bd7 8.Bd3 Bc6
9.O-O Nd7 10.b4 a6 11.Re1 Be7 12.Nbd2 Qc7 13.Nc4 Nc3 14.Qb3 Bxf3 15.Qxc3 d5
16.gxf3 Rc8 17.Nd6+ Bxd6 18.Qd2 Be7 19.Bb2 O-O 20.Rac1 Qb8 21.Kh1 f5 22.Rg1 Kh8
23.b5 axb5 24.Bxb5 Nb6 25.Qe2 h6 26.f4 Rxc1 27.Rxc1 Rc8 28.Rg1 Qc7 29.Qh5 Bf8
30.Qg6 Qc2 31.Qxe6 Qxb2 32.Qxb6 Qxf2 33.Bf1 Rc1 34.Qd8 Qf3+ 35.Bg2 Rxg1+
36.Kxg1 Qd1+ 37.Kf2 Qxd4+ 38.Kg3 Qe3+ 39.Bf3 Qxa3 40.Qxd5 g5 41.fxg5 hxg5
42.Qf7 g4 43.Qh5+  1/2-1/2

[Event "9th Open"]
[Site "La Fere FRA"]
[Date "2010.07.03"]
[Round "1"]
[White "Mataigne,J"]
[Black "Jean,R"]
[Result "1/2-1/2"]
[WhiteElo "2054"]
[BlackElo "1832"]

1.e4 c5 2.c3 Nf6 3.e5 Nd5 4.d4 cxd4 5.Nf3 Nc6 6.Bc4 Nb6 7.Bb3 d6 8.exd6 Qxd6
9.O-O Be6 10.Bxe6 Qxe6 11.Nxd4 Nxd4 12.Qxd4 Rd8 13.Qh4 Qe2 14.Nd2 Rxd2 15.Bxd2 Qxd2
16.Rfd1 Qh6 17.Qg3 Qc6 18.b4 h5 19.Qb8+ Nc8 20.b5 Qc5 21.Qxb7 Nd6 22.Qa8+ Nc8
23.a4 Rh6 24.a5 Rf6 25.Ra2 e5 26.b6 axb6 27.a6 Rd6 28.Rxd6 Bxd6 29.a7 Qxc3
30.Qxc8+ Qxc8 31.a8=Q Qxa8 32.Rxa8+ Ke7 33.Ra7+ Ke6 34.Rb7 Bc5 35.Kf1 g6
36.Ke2 f5 37.f3 Kf6 38.Kd3 g5 39.h3 g4 40.fxg4 hxg4 41.hxg4  1/2-1/2

[Event "IsBank TCh-TUR"]
[Site "Konya TUR"]
[Date "2010.07.04"]
[Round "7"]
[White "Yuksel,G"]
[Black "Emiroglu,C"]
[Result "1-0"]
[WhiteElo "1825"]
[BlackElo "2100"]

1.e4 c5 2.c3 Nf6 3.e5 Nd5 4.d4 cxd4 5.cxd4 d6 6.Nf3 e6 7.Bb5+ Bd7 8.Bxd7+ Nxd7
9.O-O Be7 10.b3 O-O 11.Bb2 Rc8 12.Nbd2 Nb4 13.Nc4 Nb6 14.Qe2 dxe5 15.Nfxe5 N6d5
16.a3 Nc6 17.Rac1 Bg5 18.Rcd1 Nxe5 19.dxe5 Qc7 20.g3 a6 21.f4 Be7 22.Rc1 b5
23.Nd6 Qb6+ 24.Qf2 Bxd6 25.Qxb6 Nxb6 26.exd6 Rfd8 27.Bd4 Nd5 28.d7 Rxc1 29.Rxc1 Kf8
30.Bc5+ Kg8 31.Bd6 Nb6 32.Bc7 Rxd7 33.Bxb6 g6 34.Rc8+ Kg7 35.Rd8 Rb7 36.Bd4+ Kh6
37.Rd6 a5 38.Rb6 Rd7 39.Bf6 Rd5 40.Ra6 Rd3 41.Rxa5 Rxb3 42.Ra7 Kh5 43.Rxf7 Rxa3
44.Kg2 h6 45.Rc7 Kg4 46.Rc2 h5 47.h3+ Kf5 48.Be7 Re3 49.Rc5+ Ke4 50.Re5+ Kd3
51.Rxe3+ Kxe3  1-0

[Event "ch-SWE Mastarklassen"]
[Site "Lund SWE"]
[Date "2010.07.04"]
[Round "2"]
[White "Jonsson,E"]
[Black "Lundin,J"]
[Result "0-1"]
[WhiteElo "2019"]
[BlackElo "2302"]

1.e4 c5 2.c3 Nf6 3.e5 Nd5 4.d4 cxd4 5.cxd4 e6 6.Nc3 d6 7.Nf3 Nc6 8.exd6 Bxd6
9.Bd3 Bb4 10.Bd2 Nf6 11.a3 Be7 12.O-O O-O 13.Be3 b6 14.Qe2 Bb7 15.Rfd1 Nd5
16.Nxd5 Qxd5 17.Bc4 Qh5 18.d5 Na5 19.Ba2 Bf6 20.b4 Bxa1 21.Rxa1 Bxd5 22.bxa5 Bxa2
23.Qxa2 Qxa5 24.Qd2 Qxd2 25.Bxd2 Rac8 26.a4 Rfd8 27.a5 bxa5 28.Rxa5 Rc1+
29.Be1 Rdd1 30.Kf1 Ra1 31.Rxa1 Rxa1 32.Nd4 e5 33.Nb3 Ra2 34.g3 f6 35.Kg2 Kf7
36.Kf3 Ra3  0-1

[Event "XII Open"]
[Site "Torredembarra ESP"]
[Date "2010.07.04"]
[Round "2"]
[White "Ordobas Martinez,V"]
[Black "Gomez Garrido,C"]
[Result "0-1"]
[WhiteElo "2093"]
[BlackElo "2499"]

1.e4 c5 2.c3 Nf6 3.e5 Nd5 4.d4 cxd4 5.Bc4 Qc7 6.Qe2 e6 7.Bxd5 exd5 8.Nf3 b6
9.Nxd4 Ba6 10.Nb5 Bxb5 11.Qxb5 Qxe5+ 12.Kd1 Be7 13.Re1 Qh5+ 14.f3 Nc6 15.c4 O-O
16.cxd5 Bf6 17.Nc3 a6 18.Qc4 Na5 19.Qd3 Bxc3 20.bxc3 Qxh2 21.Qd4 Rfe8 22.Rg1 Qe5
23.Qd3 Rac8 24.Bd2 Nc4 25.Rb1 b5 26.a4 Qh2 27.Qd4 Nxd2 28.Kxd2 Rc4 29.Qd3 Qf4+
30.Kc2 b4 31.Rge1 Rec8 32.Rb3 g6 33.Re4 Rxe4 34.fxe4 a5 35.g3 Qf2+ 36.Kb1 Qe1+
37.Kc2 bxc3 38.Rb1 Qf2+ 39.Kb3 c2 40.Rc1 Qb6+  0-1

[Event "IsBank TCh-TUR"]
[Site "Konya TUR"]
[Date "2010.07.05"]
[Round "8"]
[White "Okus,M"]
[Black "Acarbay,Ay"]
[Result "1-0"]
[WhiteElo "1878"]
[BlackElo "1885"]

1.e4 c5 2.c3 Nf6 3.e5 Nd5 4.d4 cxd4 5.Nf3 e6 6.cxd4 d6 7.Bc4 Nc6 8.O-O Nb6
9.Bb3 d5 10.Nc3 Be7 11.a3 Bd7 12.Bf4 Na5 13.Bc2 Rc8 14.Bd3 Nac4 15.Qe2 a6
16.Rfc1 O-O 17.Qc2 h6 18.Qe2 Rc7 19.Bb1 Bg5 20.Nxg5 hxg5 21.Qh5 g6 22.Bxg6 fxg6
23.Qxg6+ Kh8 24.Bxg5 Qe8 25.Bf6+ Rxf6 26.Qxf6+ Kg8 27.b3 Na5 28.Nb5 Rxc1+
29.Rxc1 Qf8 30.Qg5+ Qg7 31.Qd8+ Kh7 32.Rc3  1-0

[Event "IsBank TCh-TUR"]
[Site "Konya TUR"]
[Date "2010.07.05"]
[Round "9"]
[White "Can,E"]
[Black "Kozhuharov,S"]
[Result "1-0"]
[WhiteElo "2477"]
[BlackElo "2404"]

1.e4 c5 2.c3 Nf6 3.e5 Nd5 4.d4 cxd4 5.Nf3 d6 6.cxd4 Nc6 7.Bc4 dxe5 8.dxe5 Ndb4
9.Qxd8+ Nxd8 10.Na3 a6 11.O-O Bg4 12.Bd2 e6 13.Bb3 Ndc6 14.Bc3 Bxf3 15.gxf3 Nd3
16.Nc4 b5 17.Nd6+ Bxd6 18.exd6 Kd7 19.Rfd1 Nf4 20.Kf1 f6 21.Bd2 g5 22.Rac1 Rhe8
23.Be3 Rac8 24.Bb6 h5 25.a4 g4 26.axb5 axb5 27.Rc5 gxf3 28.Rc3 Ng6 29.Rxf3 f5
30.Rc3 Rb8 31.Bc7 Rb7 32.Rxc6  1-0